| 000 | 00745nam a2200277Ia 4500 | ||
|---|---|---|---|
| 001 | Z_4324 | ||
| 003 | CHAP | ||
| 008 | 220113s1983 xx 000 0 und d | ||
| 010 | _a167394 | ||
| 040 | _cCHAP | ||
| 090 | _aFolleto 8 | ||
| 100 |
_aCentro de Investigaciones Pecuarias del Estado de Sonora _9141025 |
||
| 245 |
_aLas buenas equipatas ocasionan problemas de plantas tóxicas? / _cpor CIPES |
||
| 260 |
_aCarbo, Sonora : _bEl centro, _c1983 |
||
| 300 | _a28 p. ; ilus. | ||
| 440 |
_aRancho; 1 (3) _9141576 |
||
| 500 | _a | ||
| 503 | _a | ||
| 650 |
_aPlantas venenosas para el ganado I. t. II. t: equipatas _9141577 |
||
| 901 | _aFolleto 8 | ||
| 902 | _aA | ||
| 910 | _a1983 | ||
| 942 | _cc14 | ||
| 942 | _cc14 | ||
| 999 |
_c167394 _d167394 |
||